000 00575nam a2200217Ia 4500
005 20241129115716.0
008 241129s9999||||xx |||||||||||||| ||und||
020 _a9789395626439
037 _aTB
040 _aSDCL
_beng
_cSDCL
041 _aeng
_2eng
084 _aDelta:87 R3
_qSDCL
100 _aArora Gurdeep; Adithan Geetha
_9728139
245 0 _aAspects of tantra yoga
260 _aDelhi
_bEdukeen publisher
_c2023
300 _avi,260p.
365 _aINR
_b1700
650 _aSanskrit
942 _cTB
_hDelta:87 R3
999 _c1231659
_d1231659